Krishna as 24 teachers / (Record no. 77805)

MARC details
000 -LEADER
fixed length control field 00626nam a22001937a 4500
005 - DATE AND TIME OF LATEST TRANSACTION
control field 20131009164126.0
010 ## - LCCN (DPL NO)
LC control number ENG-108101
020 ## - INTERNATIONAL STANDARD BOOK NUMBER
Terms of availability 200.00
International Standard Book Number 9789380695280
035 ## - SYSTEM CONTROL NUMBER
System control number EN-91634
037 ## - SOURCE OF ACQUISITION
Source of stock number/acquisition DBAD/PUB
082 ## - DEWEY DECIMAL CLASSIFICATION NUMBER
Classification number 230.31
100 ## - MAIN ENTRY--PERSONAL NAME
Personal name Tirtha, Swami Bhoomananda
245 ## - TITLE STATEMENT
Title Krishna as 24 teachers /
Statement of responsibility, etc by Swami Bhoomananda Tirtha; translated by Prabhakaran M. Nair
260 ## - PUBLICATION, DISTRIBUTION, ETC. (IMPRINT)
Place of publication, distribution, etc Kerala
Name of publisher, distributor, etc Narayanashrama Tapovanam
Date of publication, distribution, etc 2012
270 ## - ADDRESS
Address Venginissery, P.O. Ammandam Thrissur
City Kerala
Postal code 680563
300 ## - PHYSICAL DESCRIPTION
Extent xiii,221p.
Dimensions 22cm(pbk)
700 ## - ADDED ENTRY--PERSONAL NAME
Personal name Nair, Prabhakaran M.
942 ## - ADDED ENTRY ELEMENTS (KOHA)
Source of classification or shelving scheme Dewey Decimal Classification
Item type English Books
Call number suffix TIR
Classification part 230.31
Holdings
Withdrawn status Lost status Not for loan Collection code Home library Current library Date acquired Source of acquisition Cost, normal purchase price Full call number Barcode Copy number Cost, replacement price Koha item type
    Not For Loan Non-fiction D.B.Act.Division D.B.Act.Division 19/07/2013 DBAD/PUB 200.00 230.31 TIR EN-91634 1 200.00 English Books

© Delhi Public Library
Hit Counter
free hit counter